Name the 2000’s/2010’s singers/group by one song (easy) - Statistics

General Stats
  • This quiz has been taken 23 times
  • The average score is 50 of 73
Answer Stats
Hint Answer % Correct
Rolling in the deep Adele
100%
Single ladies Beyoncé
100%
Blank space Taylor Swift
100%
I gotta feeling Black Eyed Peas
95%
Toxic Britney Spears
95%
Sorry Justin Bieber
95%
Dark Horse Katy Perry
95%
Bad Romance Lady Gaga
95%
Diamonds Rihanna
95%
7 rings Ariana Grande
90%
Grenade Bruno Mars
90%
Genie in a bottle Christina Aguilera
90%
Yellow Coldplay
90%
Perfect Ed Sheeran
90%
The real slim shady Eminem
90%
As it was Harry Styles
90%
Flowers Miley Cyrus
90%
Blinding lights The Weeknd
90%
Havana Camila Cabello
86%
God’s plan Drake
86%
Don’t start now Dua Lipa
86%
TikTok Kesha
86%
American idiot Green day
81%
Starship Nicki Minaj
81%
Cheap Thrills Sia
81%
Price tag Jessie J
76%
Can’t stop the feeling Justin Timberlake
76%
Sugar Maroon 5
76%
Night changes One Direction
76%
Happy Pharrell Williams
76%
Attention Charlie Puth
71%
Believer Imagine Dragons
71%
Party rock anthem LMFAO
71%
Wake me up Avicii
67%
99 problems Jay-Z
67%
Not like us Kendrick Lamar
67%
Uptown funk Mark Ronson
67%
Counting stars One Republic
67%
So what Pink
67%
Treat you better Shawn Mendes
67%
Live your life T.I
67%
Lush Life Zara Larsson
67%
Dusk till dawn Zayn
67%
Heart attack Demi Lovato
62%
Can’t hold us Macklemore
62%
Drop it like it’s hot Snoop Dogg
62%
She looks so perfect 5 Seconds Of Summer
57%
This is what you came for Calvin Harris
57%
Swalla Jason Derulo
57%
Stay with me Sam Smith
57%
Lose you to love me Selena Gomez
57%
Closer The Chainsmokers
57%
Stressed out Twenty one pilots
57%
Rockabye Clean Bandit
52%
Titanium David Guetta
52%
Love me like you do Ellie Goulding
52%
Low Flo Rida
52%
On the floor Jennifer Lopez
52%
Black magic Little Mix
52%
Hung up Madonna
52%
Give me everything Pitbull
52%
Congratulations Post Malone
52%
Flashing lights Kanye West
48%
Airplanes B.o.B
43%
SICKO MODE Travis Scott
43%
Bad at love Halsey
38%
Mi gente J Balvin
38%
Get ur freak on Missy Elliott
38%
Temperature Sean Paul
38%
Pink + white Frank Ocean
33%
Lean on DJ Snake
24%
Wolves Marshmello
24%
See you again Tyler The Creator
19%
No matching quizzes found
Score Distribution
Percent of People with Each Score
Percentile by Number Answered
Your Score History
You have not taken this quiz